000 00768cam a2200205 4500500
005 20260111080334.0
041 _afre
042 _adc
100 1 0 _aLe Clainche, Michel
_eauthor
245 0 0 _aDes institutions financières indépendantes (IFI) pour une nouvelle gouvernance des finances publiques
260 _c2019.
500 _a53
690 _aautorités administratives indépendantes
690 _aCour des comptes
690 _afinances publiques
690 _agestion publique
690 _ainstitutions financières indépendantes
786 0 _nGestion & Finances Publiques | 4 | 4 | 2019-09-13 | p. 7-10 | 1969-1009
856 4 1 _uhttps://droit.cairn.info/revue-gestion-et-finances-publiques-2019-4-page-7?lang=fr&redirect-ssocas=7080
999 _c1616177
_d1616177